Régimen económico y jurídico de la hacienda publica colombiana / (Registro nro. 12715)
[ vista simple ]
| 000 -LEADER | |
|---|---|
| fixed length control field | 02170nam a2200301Ia 4500 |
| 003 - CONTROL NUMBER IDENTIFIER | |
| control field | OSt |
| 005 - DATE AND TIME OF LATEST TRANSACTION | |
| control field | 20211111104228.0 |
| 008 - FIXED-LENGTH DATA ELEMENTS--GENERAL INFORMATION | |
| fixed length control field | 210310s1998 ck ad gr 000 0 spa d |
| 020 ## - INTERNATIONAL STANDARD BOOK NUMBER | |
| International Standard Book Number | 9588051061 |
| 040 ## - CATALOGING SOURCE | |
| Original cataloging agency | CO-JMCR |
| Transcribing agency | CO-JMCR |
| 041 ## - LANGUAGE CODE | |
| Language code of text/sound track or separate title | spa |
| 082 04 - DEWEY DECIMAL CLASSIFICATION NUMBER | |
| Classification number | 343.03 / |
| Item number | C758r |
| Edition number | 23 |
| 110 2# - MAIN ENTRY--CORPORATE NAME | |
| Corporate name or jurisdiction name as entry element | Consultinc LTDA- CESCOM |
| 9 (RLIN) | 41489 |
| 245 10 - TITLE STATEMENT | |
| Title | Régimen económico y jurídico de la hacienda publica colombiana / |
| Statement of responsibility, etc. | Consultic LTDA - CESCOM ; colaboradores, Jorge Alberto Silva Acero, Francisco Manuel Salazar, Jorge Enrique Cardona Bermeo, [y otros 2] |
| 250 ## - EDITION STATEMENT | |
| Edition statement | Primera edición. |
| 260 ## - PUBLICATION, DISTRIBUTION, ETC. | |
| Place of publication, distribution, etc. | Bogotá : |
| Name of publisher, distributor, etc. | Universidad Nacional de Colombia, |
| Date of publication, distribution, etc. | 1998. |
| 300 ## - PHYSICAL DESCRIPTION | |
| Extent | 710 páginas : |
| Other physical details | ilustraciones y gráficas en blanco y negro ; |
| Dimensions | 24 cm. |
| 501 ## - WITH NOTE | |
| With note | Con: notas a pie de página. |
| 505 0# - FORMATTED CONTENTS NOTE | |
| Formatted contents note | El presupuesto como instrumento de la planeación en Colombia. -- Normatividad sobre el presupuesto público sector central. -- Normatividad sobre el presupuesto empresas industriales y comerciales del estado. -- Principales conductas irregulares en la gestión presupuestal. -- La cultura de los proyectos y el banco de proyectos en el banco de proyectos de inversión nacional en Colombia. -- La gestión de tesorería a nivel nacional y municipal. -- Crédito público nacional. -- Crédito público territorial. -- Principales irregularidades en la gestión de crédito público. -- Sentencias. -- Conclusiones de la comisión de racionalización del gasto y de las finanzas publicas. |
| 520 0# - SUMMARY, ETC. | |
| Summary, etc. | Se inicia de ese modo una nueva época que se caracteriza por la subordinación definitiva de los procedimientos presupuestales territoriales a la Ley Orgánica, tal como lo afirma la Corte Constitucional en Sentencia C-478 de 1992: |
| 650 14 - SUBJECT ADDED ENTRY--TOPICAL TERM | |
| Topical term or geographic name entry element | Régimen económico |
| Form subdivision | Hacienda pública |
| Geographic subdivision | Colombia |
| 9 (RLIN) | 41490 |
| 650 24 - SUBJECT ADDED ENTRY--TOPICAL TERM | |
| Topical term or geographic name entry element | Régimen jurídico |
| General subdivision | Hacienda pública |
| Geographic subdivision | Colombia |
| 9 (RLIN) | 41491 |
| 650 24 - SUBJECT ADDED ENTRY--TOPICAL TERM | |
| Topical term or geographic name entry element | Finanzas públicas |
| General subdivision | Hacienda pública |
| Geographic subdivision | Colombia |
| 9 (RLIN) | 41492 |
| 700 1# - ADDED ENTRY--PERSONAL NAME | |
| Personal name | Silva Acero, Jorge Alberto, |
| Relator term | colaborador |
| 9 (RLIN) | 41493 |
| 700 1# - ADDED ENTRY--PERSONAL NAME | |
| Personal name | Manuel Salazar, Francisco, |
| Relator term | colaborador |
| 9 (RLIN) | 41494 |
| 700 1# - ADDED ENTRY--PERSONAL NAME | |
| Personal name | Cardona Bermeo, Jorge Enrique |
| Relator term | colaborador |
| 9 (RLIN) | 41495 |
| 942 ## - ADDED ENTRY ELEMENTS (KOHA) | |
| Source of classification or shelving scheme | Dewey Decimal Classification |
| Koha item type | Books |
| Withdrawn status | Lost status | Source of classification or shelving scheme | Damaged status | Not for loan | Home library | Current library | Shelving location | Date acquired | Source of acquisition | Full call number | Barcode | Date last seen | Copy number | Price effective from | Koha item type |
|---|---|---|---|---|---|---|---|---|---|---|---|---|---|---|---|
| Dewey Decimal Classification | Biblioteca Pública José María del Castillo y Rada | Biblioteca Pública José María del Castillo y Rada | General Stacks | 04/15/2018 | Donación | 343.03 / C758r | 430004277 | 05/16/2024 | Ej.1 | 03/10/2021 | Books |